Didáctica de la escritura: en la escuela primaria y secundaria
Guardat en:
| Autor principal: | |
|---|---|
| Format: | Llibre |
| Idioma: | espanyol |
| Publicat: |
Buenos Aires
Aique
1994
|
| Edició: | 2a. ed |
| Col·lecció: | Serie de la Palabra
|
| Matèries: | |
| Etiquetes: |
Afegir etiqueta
Sense etiquetes, Sigues el primer a etiquetar aquest registre!
|
MARC
| LEADER | 00000nam a2200000 a 4500 | ||
|---|---|---|---|
| 001 | UCQ9795 | ||
| 003 | CL-VaPUC | ||
| 008 | 990121e19940000AG |||||||||||||||||spa|d | ||
| 082 | 0 | 4 | |a 372.634 |b MCC |2 21 |
| 100 | |a McCormick Calkins, Lucy |e autora |9 424438 | ||
| 245 | 1 | 0 | |a Didáctica de la escritura: en la escuela primaria y secundaria |
| 250 | |a 2a. ed | ||
| 300 | |a 432 p | ||
| 942 | |c BK | ||
| 945 | |d 19990121 00:00:00 |a aarredon | ||
| 260 | |a Buenos Aires |b Aique |c 1994 | ||
| 650 | 7 | |a ESCRITURA INFANTIL |2 CL-VaPUC |9 424439 | |
| 650 | 0 | |a Educación básica |9 224933 | |
| 650 | 0 | |a Enseñanza de la escritura |9 307377 | |
| 650 | 0 | |a Lectura |9 307634 | |
| 583 | |a last modification |c 20150107 01:17:32 |k Rodrigo Vera | ||
| 490 | 0 | |a Serie de la Palabra | |
| 999 | |c 278697 |d 278695 | ||
| 952 | |0 0 |1 0 |4 0 |6 372_634000000000000_MCC_1994 |7 0 |8 A |9 317421 |a BIBEDU |b BIBEDU |d 2019-11-20 |i 3495361 |o 372.634 MCC 1994 |p 3495361 |r 2019-11-20 |w 2019-11-20 |y BK |k BME | ||
| 952 | |0 0 |1 0 |4 0 |6 372_634000000000000_MCC_1994 |7 0 |8 A |9 317422 |a FDOPOS |b FDOPOS |d 2019-11-20 |i 368802K |o 372.634 MCC 1994 |p 368802K |r 2025-01-22 |w 2019-11-20 |y BK |k MLA | ||